000 00543nam a22002177a 4500
003 UA-OsUOA
001 57518
007 ta
008 20081225b un ||||| |||| 00| 0 ukr d
100 _aБреннер Р.
090 _a32
_bБ-12
942 _cSA
040 _aUA-OsUOA
_brus
_cUA-OsUOA
_dUA-OsUOA
245 _aЧто является империализмом и что им не является?
300 _aС.189-214
955 _a0
041 _arus
080 _a32
773 0 _w57515
650 7 _a32 Політика
_2UDC
999 _c343582
_d343582